| 000 | 00703nam a2200181 4500 | ||
|---|---|---|---|
| 999 |
_c372155 _d372155 |
||
| 008 | 201207b ||||| |||| 00| 0 eng d | ||
| 040 |
_bger _cDE-2950 _erda _aDE-2950 |
||
| 041 | _ager | ||
| 245 |
_aFrauenemanzipation in Brandenburg - Hildegard Hansche in ihrer Zeit / _cAndrea Genest |
||
| 264 | _c2022 | ||
| 490 |
_aDie Mark Brandenburg _vAusgabe 127/ Dezember 2022. Frauen in Brandenburg |
||
| 653 | _aHansche, Hildegard; Lehrerin, Volkswirtin, 1896 - | ||
| 773 |
_dBerlin: Die Mark Brandenburg - Verlag für Regional- und Zeitgeschichte _g(2022), Ausgabe 127. Dezember 2022, S. 34-37 _tDie Mark Brandenburg |
||
| 942 | _cA | ||